Fragmentos sobre la historia de la filosofía /

Guardado en:
書目詳細資料
主要作者: Schopenhauer, Arthur (autor)
其他作者: Romano, Vicente (traducción) (traducción)
格式: 圖書
語言:西班牙语
出版: Madrid, España : SARPE, 1984, c1984
叢編:(Los Grandes Pensadores, SARPE ; 36)
主題:
標簽: 添加標簽
沒有標簽, 成為第一個標記此記錄!

MARC

LEADER 00000nam^a2200000^a^4500
001 000309836
005 20250521000000.0
009 20260310112959.365
020 |a 84-499-7386-4 
020 |a 84-499-6832-1 
037 |a Acervo ITESO - Biblioteca 
041 |a ESP 
082 |a 086. 1  |b GRA V. 36 
100 |a Schopenhauer, Arthur  |e (autor) 
245 1 0 |a Fragmentos sobre la historia de la filosofía /  |c A. Schopenhauer ; tr. por V. Romano. 
264 4 |a Madrid, España :  |b SARPE,  |c 1984, c1984 
300 |a 172 p. 
336 |a texto  |b txt  |2 rdacontenido 
337 |a sin mediación  |b n  |2 rdamedio 
338 |a volumen  |b nc  |2 rdasoporte 
440 4 |a (Los Grandes Pensadores, SARPE ;  |v 36) 
500 |a Traducción de: Fragmente zur Geschichte der Philosophie 
649 |a XX 
650 |a Voluntarismo 
650 |a Filosofía Moderna -  |x Historia y Crítica 
650 |a Filosofía Alemana 
650 |a Filosofía -  |x Historia y Crítica -  |x Tema Principal 
700 |a Romano, Vicente  |e (traducción) 
910 |a Fondo General 
920 |a Impresos - Libros 
930 |a Colección General 
905 |a 101 
901 |a 0500196486  |b IT1  |c ACC  |i D54856  |u 20250521 
902 |a https://opac.biblio.iteso.mx/vufind/Record/000309836